| 000 | 01245nam a2200253Ia 4500 | ||
|---|---|---|---|
| 003 | Ost | ||
| 005 | 20260507075301.0 | ||
| 008 | 260507s9999||||xx |||||||||||||| ||und|| | ||
| 020 | _a4028119957 | ||
| 040 | _cfsecg | ||
| 041 | _aara | ||
| 082 | _a330 | ||
| 100 |
_aارشيد، عبد المعطي رضا _eمؤلف |
||
| 245 | 0 |
_aإدارة الائتمان / _c عبد المعطي رضا ارشيد |
|
| 260 |
_aوائل: _bدار وائل, _c1999 |
||
| 300 |
_a348 صفحة؛ _bإيضاحات ؛ _c24 سم |
||
| 520 | _aالمبادئ العامة للائتمان المصرفي ، التنظيم و الائتمان المصرفي ، دور تحول الأصول ، الضمانات و أنواع التسهيلات الائتمانية تقييم السندات و استهلاك الديون السندية ، استبدال الديون طويلة الاجل ، ادارة الائتمان و التحليل المالي و متابعة الائتمان و أخيرا استهلاك القروض. | ||
| 653 | _aالادارة | ||
| 653 | _aالتسليف | ||
| 653 | _aبنوك التسليف | ||
| 653 | _aمصارف الإئتمان | ||
| 700 |
_aجودة، محفوظ احمد _eمؤلف ثانوي |
||
| 942 | _cكتاب | ||
| 999 |
_c43792 _d43792 |
||